000 00326nam a22001457a 4500
003 SGT
082 _a610.734
_bC99B
100 _aBASAVANTHAPPA, BT.
245 _aCOMMUNITY HEALTH NURSING
250 _a1ST
260 _aINDIA
_bJAYPEE PUB
_c1999
300 _a737
650 _aCOMMUNITY HEALTH NURSING
942 _2ddc
_cBK
999 _c20122
_d20122